00622 a2200169 45000010006000000050017000060080041000230030015000640400040000790800109001192450090002282640057003183000019003750410008003941000023004027000027004256187620260407155911.0260407a1981 arg spa dAR-UNSa-BCEJYS aAR-UNSa-BCEJYSbspacAR-UNSa-BCEJYS a347.72.028xFormalidades de las sociedades mercantiles. Estatutos. Publicación de negocios. Prospectos10aAspectos jurídicos y contables de las normas de la Inspección General de Justicia 1aBuenos Aires :bEdiciones Contabilidad Modernac1981 a350 p.c22 cm. aspa1 aSan Millan, Carlos1 aFowler Newton, Enrique